000 00393nam a22001457a 4500
999 _c41248
_d41248
003 OSt
005 20220309133701.0
008 210408b ||||| |||| 00| 0 eng d
040 _coclc
082 _a510.954
_bKES/V
100 _98580
_aMurthy, Keshava S
245 _aVeda Ganitha Parchayam
300 _a164 pages
942 _2ddc
_cBK
_h510.954
_iKES/V
_k510.954
_mKES/V